000 00721nam a2200205 i 4500
001 95879
003 ES-MaACL
005 20230906181807.0
007 t|
008 050607s1978 ck ||||1| spa d
020 _a968-858-063-5
100 1 _aMacDonald, Simon G. G.
_975123
245 1 0 _aFísica para las ciencias de la vida y de la salud /
_cSimon G. G. MacDonald, Desmond M. Burns; versión en español de Albino Yusta Almarza...[et al.].
260 _aBogotá :
_bFondo Educativo Interamericano,
_c1978.
300 _aX, 589 p. :
_bil. ;
_c23 cm.
504 _aBibliografía. Indice.
700 1 _aBurns, Desmond M.
_932749
700 1 _aYusta Almarza, Albino.
_9117753
852 _aES-MaACL
_jL-11641
_bR.113157
999 _c95879
_d95879